|
|
|
|
| LEADER |
01823nim a2200481 a 4500 |
| 001 |
001380072 |
| 003 |
CZ BrMZK |
| 005 |
20140428140429.0 |
| 007 |
sd^ |
| 008 |
140410s2013 xr cze |
| 024 |
3 |
|
|a 602537547906
|
| 028 |
0 |
1 |
|a 374 479-0
|b Universal Music
|
| 040 |
|
|
|a BOA001
|b cze
|
| 072 |
|
7 |
|a 821.162.3-3
|x Česká próza
|2 Konspekt
|9 25
|
| 072 |
|
7 |
|a 821-93
|x Literatura pro děti a mládež (beletrie)
|2 Konspekt
|9 26
|
| 080 |
|
|
|a 821.162.3-34
|2 MRF
|
| 080 |
|
|
|a (0:82-34)
|2 MRF
|
| 080 |
|
|
|a (086.7.053.2)
|2 MRF
|
| 080 |
|
|
|a (086.7)08
|2 MRF
|
| 080 |
|
|
|a (086.76)
|2 MRF
|
| 245 |
0 |
0 |
|a Zlatovláska
|h [zvukový záznam] ;
|b Tři zlaté vlasy děda Vševěda a další--
|
| 260 |
|
|
|a [Praha] :
|b Universal Music,
|c p2013
|
| 300 |
|
|
|a 1 zvuková deska :
|b digital
|
| 490 |
1 |
|
|a Pohádková edice
|
| 500 |
|
|
|a Na motivy pohádek Františka Hrubína
|
| 500 |
|
|
|a Kompaktní deska
|
| 505 |
0 |
0 |
|t Hrnečku, vař! --
|t O třech přadlenách --
|t Jirka s kozou
|
| 508 |
|
|
|a Režie Ivan Holeček ; hudba Jiří Doubek
|
| 511 |
1 |
|
|a Čtou Sabina Laurinová a další
|
| 655 |
|
7 |
|a české pohádky
|7 fd133970
|2 czenas
|
| 655 |
|
7 |
|a zvukové záznamy pro děti a mládež
|7 fd186726
|2 czenas
|
| 655 |
|
7 |
|a audioknihy
|7 fd119452
|2 czenas
|
| 655 |
|
7 |
|a kompaktní desky
|7 fd201991
|2 czenas
|
| 700 |
1 |
|
|a Hrubín, František,
|d 1910-1971
|7 jk01042920
|4 ant
|
| 700 |
1 |
|
|a Holeček, Ivan,
|d 1940-
|7 jx20040615022
|4 drt
|
| 700 |
1 |
|
|a Doubek, Jiří
|7 jn19981000749
|4 cmp
|
| 700 |
1 |
|
|a Laurinová, Sabina,
|d 1972-
|7 mzk2003169591
|4 stl
|
| 740 |
0 |
2 |
|a Tři zlaté vlasy děda Vševěda a další
|
| 830 |
|
0 |
|a Pohádková edice
|
| 910 |
|
|
|a BOA001
|b CDR-1324.237
|
| 990 |
|
|
|a AV
|
| 991 |
|
|
|b 201404
|c NOV
|e db
|
| 996 |
6 |
|
|b 2610588034
|c CDR-1324.237
|l MZK
|r Sklad / do 24 hodin
|n 4
|p p.v.
|w 001415486
|u 000010
|a 1
|e BOA001
|j MZK50
|s P
|